MARC

LEADER 00000nas a2200000 a 4500
001 ssj0000465223
003 WaSeSS
005 20200512172242.0
006 m d
007 cr n
008 030205c20009999lauar s 0 a0eng c
010 |a  2006212906 
022 |l 1559-7334  |y 1559-7334 
035 |a (WaSeSS)ssj0000465223 
037 |b MEIEA, 1900 Belmont Blvd., Nashville, TN 37212-3757 
040 |a NOC  |b eng  |c NOC  |d DLC  |d OCLCQ  |d OCLCF  |d CUS  |d WaSeSS 
042 |a nsdp  |a pcc 
050 0 0 |a ML3790  |b .M4 
082 1 0 |a 780.7  |2 13 
222 0 |a MEIEA 
245 0 0 |a MEIEA  |h [electronic resource] /  |c Music & Entertainment Industry Educators Association. 
246 1 4 |a MEIEA journal 
246 1 4 |a Journal of the Music and Entertainment Industry Educators Association 
260 |a New Orleans, La. :  |b Music & Entertainment Industry Educators Association,  |c c2000- 
310 |a Annual,  |b 2002- 
321 |a Semiannual,  |b 2000 
362 0 |a Vol. 1, no. 1 (spring 2000)- 
500 |a "Music industry issues and studies." 
506 |a License restrictions may limit access. 
550 |a Published in cooperation with Loyola University New Orleans College of Music and Music Business Program. 
588 |a Latest issue consulted: Vol. 4, no. 1 (2004). 
650 0 |a Music trade  |v Periodicals. 
650 7 |a Music trade.  |2 fast  |0 (OCoLC)fst01030641 
655 0 |a Electronic journals. 
710 2 |a Music & Entertainment Industry Educators Association. 
710 2 |a Loyola University (New Orleans, La.).  |b College of Music. 
710 2 |a Loyola University (New Orleans, La.).  |b Music Business Program. 
850 |a DLC 
853 2 0 |8 1  |a v.  |b no.  |u 1  |v r  |i (year)  |j (season)  |w a 
856 4 0 |z Full text available from Research Library: 01/01/2012 to present  |u https://search.proquest.com/publication/2032488 
863 4 1 |8 1.1  |a 1  |b 1  |i 2000  |j 21